Verlegerische Geschäftskorrespondenz im 18. Jahrhundert
| Titel: | Verlegerische Geschäftskorrespondenz im 18. Jahrhundert : das Kommunikationsfeld zwischen Autor, Herausgeber und Verleger in der deutschsprachigen Aufklärung / herausgegeben von Thomas Bremer und Christine Haug ; unter Mitwirkung von Helga Meise |
|---|---|
| Beteiligt: | ; ; |
| Veröffentlicht: | Wiesbaden : Harrassowitz Verlag, 2018 |
| Umfang: | VI, 311 Seiten : Illustrationen ; 24 cm x 17 cm, 738 g |
| Format: | Buch |
| Sprache: | Deutsch; Englisch |
| Schriftenreihe/ mehrbändiges Werk: |
Buchwissenschaftliche Beiträge ; Band 96 |
| RVK-Notation: |
·
|
| ISBN: | 3447110112 ; 9783447110112 |
| Hinweise zum Inhalt: |
Inhaltsverzeichnis
|
alg: 42856153 001A $00077:18-04-18 001B $06062:02-01-24 $t08:41:42.000 001D $00077:02-05-18 001U $0utf8 001X $00 002@ $0Aau 002C $aText $btxt $2rdacontent 002D $aohne Hilfsmittel zu benutzen $bn $2rdamedia 002E $aBand $bnc $2rdacarrier 003@ $0428561535 003O $01031403301 $aOCoLC 004A $03-447-11011-2 004A $A978-3-447-11011-2 $f: circa EUR 72.00 004K $09783447110112 006G $01155562771 006H $0TOCNEUA1820 $2DNB 006T $018,N15 006U $018,A24 $f20180405 007A $01155562771 $aDNB 009P $qapplication/pdf $A2 $3Inhaltsverzeichnis $uhttp://d-nb.info/1155562771/04 $mB:DE-101 010@ $ager $aeng 010E $erda 011@ $a2018 013D $#Beiträge Formschlagwort $#Einzelbeiträge $#Sammelwerk Formschlagwort $74143413-4 $8Aufsatzsammlung [Tsz] $9085562742 021A $aVerlegerische Geschäftskorrespondenz im 18. Jahrhundert $ddas Kommunikationsfeld zwischen Autor, Herausgeber und Verleger in der deutschsprachigen Aufklärung $hherausgegeben von Thomas Bremer und Christine Haug ; unter Mitwirkung von Helga Meise 028C $BHerausgeber $#Bremer, Tomas $4edt $7123743850 $8Bremer, Thomas$Z1954- [Tp1] $9154584142 028C $BHerausgeber $4edt $7133058832 $8Haug, Christine$Z1962- [Tp1] $9187558264 028C $BMitwirkender $#Meise, Helga Maria $4ctb $7110556038 $8Meise, Helga$Z1953- [Tp1] $914515758X 033A $pWiesbaden $nHarrassowitz Verlag 034D $aVI, 311 Seiten 034I $a24 cm x 17 cm, 738 g 034M $aIllustrationen 036E $aBuchwissenschaftliche Beiträge $x0724-7001 $lBand 96 039U $aRezensiert in $8--Aou--Knödler, Stefan$Z1974- [Tp3]. Thomas Bremer (ed.): Verlegerische Geschäftskorrespondenz im 18. Jahrhundert. Wiesbaden: Harrasowitz, 2018, 2019 $9459310127 044K $RUrheber $RAutorin $#Authors $#Écrivains $#Autor $#Autoren/Schriftsteller $#Verfasser $#Autoren $74003982-1 $8Autor [Ts1] $9085002402 044K $RBuchhändler $RVerlag $RVerlegerin $#Publishers and publishing $#Éditeurs $#Editori $#Verleger $#Verlagsbuchhändler $#Verlagsleiter $74138343-6 $8Verleger [Ts1] $9085522279 044K $#Negotiation $#Négociations $#Verhandlungen $#Verhandlung $#Verhandlungen $#Verhandeln $74062875-9 $8Verhandlung [Ts1] $9085175838 044K $RSchriftverkehr $#Commercial correspondence $#Correspondance commerciale $#Corrispondenza commerciale $#Correspondencia comercial $#Geschäftskorrespondenz $#Handelskorrespondenz $#Kaufmann Korrespondenz $#Unternehmen Schriftverkehr $74071765-3 $8Geschäftsbrief [Ts1] $9085202010 044K $#Deutschsprachiger Raum $#Deutschsprachige Länder $#Deutschsprachige Länder $#Deutschsprachiger Raum $#Deutschsprachiges Gebiet $#Deutscher Sprachraum $74070370-8 $8Deutsches Sprachgebiet [Tg1] $9085198056 044K $RGegenaufklärung $#Enlightenment $#Mouvement des Lumières $#Illuminismo $#Ilustración $#Aufklärung $#Aufklärungszeitalter $#Aufklärung (Philosophie) $#Aufklärungszeitalter $#Aufklärungszeit $74003524-4 $8Aufklärung [Ts1] $9085001120 045B $a020 045E $c070 045R $aGeschichte 1700-1800 045V $812.06.00$jLiterarisches Leben [Tkx] $9118845098 045V $812.08.00$jAufklärung [Tkx] $911884511X 045Z $8AN 46700 [Tkv] $9407270329 045Z $8GE 3111 [Tkv] $9408312467 046L $aBeiträge überwiegend deutsch, ein Beitrag englisch 046X $aArchivierung/Langzeitarchivierung gewährleistet $5DE-43 $fPEHE lok: 42856153 8 exp: 42856153 8 1 #EPN 201B/01 $012-04-19 $t08:28:42.000 201C/01 $010-04-19 201U/01 $0utf8 203@/01 $01049853881 208@/01 $a12-04-19 $bz 209A/01 $a/GE 3111 B836 $du $f000 $x00 209G/01 $a20262206 $x00 209G/01 $a3. Obergeschoss $x01 247C/01 $8611000-9 <17>Darmstadt, TU Darmstadt, Universitäts- und Landesbibliothek - Stadtmitte $9102595879 lok: 42856153 11 exp: 42856153 11 1 #EPN 201B/01 $008-06-18 $t13:23:53.000 201C/01 $008-06-18 201U/01 $0utf8 203@/01 $01023253674 208@/01 $a08-06-18 $bz 209A/01 $a60 18 A 1425 $du $f100 $x00 209B/01 $a002/1806 $x05 209B/01 $a019/1806 $x06 209G/01 $a83979470 $x00 247C/01 $8620100-3 <43>Wiesbaden, Hochschul- und Landesbibliothek RheinMain, Rheinstraße $9102599572 lok: 42856153 13 exp: 42856153 13 1 #EPN 201B/01 $012-06-18 $t08:49:33.000 201C/01 $015-05-18 201U/01 $0utf8 203@/01 $01021934593 208@/01 $a12-06-18 $bz 209A/01 $a-FoBi- Cna 12 $du $f000 $hFOBI CNA 12 $x00 209B/01 $a02 $x05 209C/01 $a2018-149 209G/01 $a03122565 $x00 209G/01 $aFreihand Forschungsbibliothek $x01 247C/01 $8655000-9 <36>Mainz, Wissenschaftliche Stadtbibliothek Mainz $9102599564 lok: 42856153 25 101B $018-04-18 $t14:10:53.000 101C $018-04-18 101U $0utf8 145S/01 $a420zb exp: 42856153 25 1 #EPN 201B/01 $002-05-18 $t13:36:34.000 201C/01 $018-04-18 201U/01 $0utf8 203@/01 $0102117940X 208@/01 $a02-05-18 $bzu 209A/01 $a284.553 $du $f000 $x00 209G/01 $a16748527 $x00 209G/01 $aFREIHAND $x01 247C/01 $8651000-0 <77>Mainz, Universität Mainz, Zentralbibliothek $9102599602 exp: 42856153 25 2 #EPN 201B/02 $027-01-26 $t11:05:42.000 201C/02 $011-05-18 201U/02 $0utf8 203@/02 $01021870285 208@/02 $a22-06-18 $bzil 209A/02 $aOb 70 $dd $f090 $x00 209C/02 $a18/520 Buchwissenschaft 209G/02 $a77401770 $x00 209G/02 $aBuchwissenschaft $x01 247C/02 $8651090-5 <77/090>Mainz, Universität Mainz, Bereichsbibliothek Philosophicum, Standort Buchwissenschaft $9102600392 lok: 42856153 62 exp: 42856153 62 1 #EPN 201B/01 $012-12-18 $t22:33:34.000 201C/01 $012-12-18 203@/01 $01036605183 208@/01 $a12-12-18 $be 209A/01 $a/ $f000 $x00 209B/01 $a2018 $x05 247C/01 $8Frankfurt, Bibliographie der Deutschen Sprach- und Literaturwissenschaft $9113214561 201U/01 $0utf8 lok: 42856153 78 exp: 42856153 78 1 #EPN 201B/01 $028-02-24 $t22:08:24.000 201C/01 $028-02-24 203@/01 $01257019740 208@/01 $a28-02-24 $bdo 201U/01 $0utf8 lok: 42856153 204 exp: 42856153 204 1 #EPN 201B/01 $017-07-18 $t15:19:41.000 201C/01 $021-06-18 201U/01 $0utf8 203@/01 $01023729806 208@/01 $a28-06-18 $bzUB 209A/01 $a000 GE 3111 B836 $du $f000 $x00 209G/01 $a62541423 $x00 245S/01 $a84000 $x01 247C/01 $8631000-x <26>Gießen, Universität Gießen, Universitätsbibliothek Gießen $9102596697
| LEADER | 00000cam a2200000 c 4500 | ||
|---|---|---|---|
| 001 | 428561535 | ||
| 003 | DE-603 | ||
| 005 | 20240102084142.0 | ||
| 007 | tu | ||
| 008 | 180418s2018 xx |||| | u00||u|ger | ||
| 015 | |a 18,A24 |z 18,N15 |2 dnb | ||
| 016 | 7 | |2 DE-101 |a 1155562771 | |
| 020 | |a 3447110112 | ||
| 020 | |a 9783447110112 |c : circa EUR 72.00 | ||
| 024 | 3 | |a 9783447110112 | |
| 035 | |a (DE-599)DNB1155562771 | ||
| 035 | |a (OCoLC)1031403301 | ||
| 040 | |a DE-603 |b ger |c DE-603 |d DE-603 |e rda | ||
| 041 | |a ger |a eng | ||
| 082 | 7 | |a 020 | |
| 084 | |a 070 |q DE-101 |2 sdnb | ||
| 084 | |a AN 46700 |0 (DE-625)6106: |0 (DE-603)407270329 |2 rvk | ||
| 084 | |a GE 3111 |0 (DE-625)39030: |0 (DE-603)408312467 |2 rvk | ||
| 245 | 0 | 0 | |a Verlegerische Geschäftskorrespondenz im 18. Jahrhundert |b das Kommunikationsfeld zwischen Autor, Herausgeber und Verleger in der deutschsprachigen Aufklärung |c herausgegeben von Thomas Bremer und Christine Haug ; unter Mitwirkung von Helga Meise |
| 264 | 1 | |a Wiesbaden |b Harrassowitz Verlag |c 2018 | |
| 300 | |a VI, 311 Seiten |b Illustrationen |c 24 cm x 17 cm, 738 g | ||
| 336 | |a Text |b txt |2 rdacontent | ||
| 337 | |a ohne Hilfsmittel zu benutzen |b n |2 rdamedia | ||
| 338 | |a Band |b nc |2 rdacarrier | ||
| 490 | 0 | |a Buchwissenschaftliche Beiträge |x 0724-7001 |v Band 96 | |
| 546 | |a Beiträge überwiegend deutsch, ein Beitrag englisch | ||
| 648 | 7 | |a Geschichte 1700-1800 |2 gnd | |
| 650 | 7 | |a Autor |0 (DE-588)4003982-1 |0 (DE-603)085002402 |2 gnd | |
| 650 | 7 | |a Verleger |0 (DE-588)4138343-6 |0 (DE-603)085522279 |2 gnd | |
| 650 | 7 | |a Verhandlung |0 (DE-588)4062875-9 |0 (DE-603)085175838 |2 gnd | |
| 650 | 7 | |a Geschäftsbrief |0 (DE-588)4071765-3 |0 (DE-603)085202010 |2 gnd | |
| 650 | 7 | |a Aufklärung |0 (DE-588)4003524-4 |0 (DE-603)085001120 |2 gnd | |
| 651 | 7 | |a Deutsches Sprachgebiet |0 (DE-588)4070370-8 |0 (DE-603)085198056 |2 gnd | |
| 655 | 7 | |a Aufsatzsammlung |2 gnd-content |0 (DE-588)4143413-4 |0 (DE-603)085562742 | |
| 700 | 1 | |a Bremer, Thomas |d 1954- |e Herausgeber |4 edt |0 (DE-603)154584142 |0 (DE-588)123743850 |2 gnd | |
| 700 | 1 | |a Haug, Christine |d 1962- |e Herausgeber |4 edt |0 (DE-603)187558264 |0 (DE-588)133058832 |2 gnd | |
| 700 | 1 | |a Meise, Helga |d 1953- |e Mitwirkender |4 ctb |0 (DE-603)14515758X |0 (DE-588)110556038 |2 gnd | |
| 787 | 0 | 8 | |i Rezensiert in |a Knödler, Stefan, 1974- |t Thomas Bremer (ed.): Verlegerische Geschäftskorrespondenz im 18. Jahrhundert. Wiesbaden: Harrasowitz, 2018 |w (DE-603)459310127 |
| 856 | 4 | 2 | |m B:DE-101 |q application/pdf |u http://d-nb.info/1155562771/04 |3 Inhaltsverzeichnis |
| 924 | 0 | |9 17 |a (DE-603)1049853881 |b DE-17 |c HES |d c |g /GE 3111 B836 |h 3. Obergeschoss | |
| 924 | 0 | |9 43 |a (DE-603)1023253674 |b DE-43 |c HES |d c |g 60 18 A 1425 | |
| 924 | 0 | |9 36 |a (DE-603)1021934593 |b DE-36 |c HES |d c |g -FoBi- Cna 12 |h Freihand Forschungsbibliothek | |
| 924 | 0 | |9 77 |a (DE-603)102117940X |b DE-77 |c HES |d c |g 284.553 |h FREIHAND | |
| 924 | 0 | |9 77/090 |a (DE-603)1021870285 |b DE-77-090 |c HES |d d |g Ob 70 | |
| 924 | 0 | |9 603 |a (DE-603)1036605183 |b DE-603 |c HES |d d | |
| 924 | 0 | |9 603 |a (DE-603)1257019740 |b DE-603 |c HES |d d | |
| 924 | 0 | |9 26 |a (DE-603)1023729806 |b DE-26 |c HES |d c |g 000 GE 3111 B836 | |


